000 00321nam a22001457a 4500
003 SGT
082 _a347.50954,BHA
100 _aBHAGAT,Y.P
245 _aCODE OF CIVIL PROCEDURE
250 _a1ST
260 _aNEW DELHI
_bUNIVERSAL BOOKS
_c2012
300 _a1042
650 _aCIVIL PROCEDURE & COURTS
942 _2ddc
_cBK
999 _c9750
_d9750